| 000 | 01090nam a2200385 a 4500 | ||
|---|---|---|---|
| 003 | AR-BaBNM | ||
| 005 | 20251128205750.0 | ||
| 008 | 082120s2002 ||||||||||||||000 | spa|| | ||
| 020 | _a84-87699-34-0 | ||
| 040 | _cAR-BaBNM | ||
| 245 | 0 | 0 | _aMujer, trabajo, salud |
| 260 |
_aMadrid _bTrotta _c1992 |
||
| 300 |
_a235 p. _btablas, gráfs. |
||
| 490 | 0 | _aEstructuras y procesos. 1º de Mayo | |
| 500 | _aReferencias bibliográficas de índole general: p. 40-43 | ||
| 500 | _aReferencias bibliográficas específicas al final del capítulo | ||
| 650 | 4 | _aMUJERES | |
| 650 | 4 | _aTRABAJO | |
| 650 | 4 | _aSALUD | |
| 650 | 4 | _aTRABAJADORAS | |
| 650 | 4 | _aDERECHOS DE LA MUJER | |
| 650 | 4 | _aDERECHO LABORAL | |
| 650 | 4 | _aSEGURIDAD SOCIAL | |
| 650 | 4 | _aSEGURIDAD EN EL TRABAJO | |
| 650 | 4 | _aCONFLICTO LABORAL | |
| 650 | 4 | _aSINDICATOS | |
| 650 | 4 | _aNEGOCIACION COLECTIVA | |
| 650 | 4 | _aDERECHOS SINDICALES | |
| 650 | 4 | _aCONFLICTO SOCIAL | |
| 650 | 4 | _aBIENESTAR SOCIAL | |
| 651 | 4 | _aEspaña | |
| 700 | 1 |
_aBarañano, Margarita _ecompilador |
|
| 942 | _cBK | ||
| 998 | _carturo | ||
| 999 |
_c12725 _d12725 |
||